| 000 | 00645nam a22002177a 4500 | ||
|---|---|---|---|
| 003 | OSt | ||
| 005 | 20160620143437.0 | ||
| 008 | 160620b xxu||||| |||| 00| 0 eng d | ||
| 020 | _a9780723434832 | ||
| 040 | _cDNLM | ||
| 082 | _aWY195 F84r 2009 | ||
| 100 |
_aEdited by Rooyen, R.M Van;Jordan, P.J _99482 |
||
| 245 | _aFoundations of Nursing Practice: fundamentals of holistic care | ||
| 250 | _aAfrican ed. | ||
| 260 | _aEdinburgh; Mosby, 2009 | ||
| 300 | _axviii,736p; col.ill: 28cm | ||
| 504 | _aAppendex, glossary, & index included | ||
| 650 |
_aNursing proceedures _97359 |
||
| 650 |
_aNursing Training _99483 |
||
| 942 |
_2z _cO_SHELF |
||
| 999 |
_c4412 _d4412 |
||